[Event "Women's Speed Chess Q4"]
[Site "chess.com INT"]
[Date "2021.06.03"]
[Round "1"]
[White "Samaganova, Alexandra"]
[Black "Zawadzka, Jolanta"]
[Result "0-1"]
[WhiteTitle "WFM"]
[BlackTitle "WGM"]
[WhiteElo "1993"]
[BlackElo "2399"]
[WhiteFideId "13800221"]
[BlackFideId "1122320"]
[EventDate "2021.06.03"]

1. c4 c5 2. Nc3 Nc6 3. g3 Nf6 4. Bg2 e6 5. e4 d6 6. Nge2 Be7 7. O-O O-O 8. d3 a6
9. a3 Rb8 10. f4 Qc7 11. Rb1 b5 12. cxb5 axb5 13. b4 cxb4 14. axb4 d5 15. exd5
Nxb4 16. dxe6 Bxe6 17. f5 Bd5 18. Bf4 Qb6+ 19. d4 Bxg2 20. Kxg2 Rbc8 21. Qd2
Nfd5 22. Nxd5 Nxd5 23. Rfc1 b4 24. Rxc8 Rxc8 25. Rb3 Qc6 26. Kg1 Qc2 27. Qxc2
Rxc2 28. Kf1 g6 29. fxg6 fxg6 30. Be5 Kf7 31. Ke1 Ke6 32. Kd1 Ra2 33. Nf4+ Nxf4
34. gxf4 Kd5 35. h4 Kc4 36. Rb1 b3 37. d5 Kxd5 38. Rxb3 Rh2 39. Rb7 Ke6 40. Rb6+
Kf5 41. Rb7 Rh1+ 42. Ke2 Bxh4 43. Rxh7 Ke4 44. Rb7 Rh2+ 45. Kd1 Bg3 46. Rg7 Kf5
47. Rf7+ Kg4 48. Rg7 Rh6 49. Ke2 Bxf4 50. Bxf4 Kxf4 51. Kf2 g5 52. Rf7+ Kg4 53.
Kg2 Ra6 54. Rb7 Ra2+ 55. Kg1 Kh4 56. Rh7+ Kg3 57. Kf1 g4 58. Rg7 Ra1+ 59. Ke2
Kh3 60. Kf2 g3+ 61. Kf3 Rf1+ 62. Ke2 Rf2+ 63. Ke1 Kg2 64. Rg8 Rf6 65. Rg7 Rf5
66. Rg8 Re5+ 67. Kd2 Kh2 68. Rh8+ Kg1 69. Rg8 g2 70. Kd3 Kf2 71. Rf8+ Kg3 72.
Rg8+ Kf3 73. Rf8+ Kg4 74. Rg8+ Rg5 0-1

[Event "Women's Speed Chess Q4"]
[Site "chess.com INT"]
[Date "2021.06.03"]
[Round "2"]
[White "Jakubowska, Anna"]
[Black "Tomilova, Elena"]
[Result "1-0"]
[WhiteTitle "WIM"]
[BlackTitle "WGM"]
[WhiteElo "2073"]
[BlackElo "2338"]
[WhiteFideId "1121952"]
[BlackFideId "4162340"]
[EventDate "2021.06.03"]

1. e4 e6 2. d4 d5 3. Nd2 c5 4. exd5 exd5 5. Ngf3 Nc6 6. Bb5 Qe7+ 7. Be2 Qc7 8.
O-O Nf6 9. Re1 cxd4 10. Nb3 Be7 11. Nfxd4 O-O 12. Bg5 h6 13. Bh4 g5 14. Bg3 Ne4
15. Bxc7 1-0

[Event "Women's Speed Chess Q4"]
[Site "chess.com INT"]
[Date "2021.06.03"]
[Round "2"]
[White "Socko, Monika"]
[Black "Chitlange, Sakshi"]
[Result "1-0"]
[WhiteTitle "GM"]
[BlackTitle "WIM"]
[WhiteElo "2421"]
[BlackElo "2167"]
[WhiteFideId "1106619"]
[BlackFideId "35002899"]
[EventDate "2021.06.03"]

1. d4 Nf6 2. c4 e6 3. g3 Bb4+ 4. Nd2 O-O 5. Bg2 d5 6. Qc2 b6 7. Nf3 Bb7 8. O-O
Nbd7 9. a3 Be7 10. b4 c5 11. dxc5 bxc5 12. b5 d4 13. a4 Rc8 14. a5 e5 15. Rd1
Ba8 16. Ng5 Bxg2 17. Kxg2 Ng4 18. Qxh7# 1-0

[Event "Women's Speed Chess Q4"]
[Site "chess.com INT"]
[Date "2021.06.03"]
[Round "2"]
[White "Klinova, Masha"]
[Black "Osmak, Iulija"]
[Result "0-1"]
[WhiteTitle "IM"]
[BlackTitle "IM"]
[WhiteElo "2275"]
[BlackElo "2425"]
[WhiteFideId "2802015"]
[BlackFideId "14101602"]
[EventDate "2021.06.03"]

1. e4 e6 2. Nf3 d5 3. Nc3 Nf6 4. e5 Nfd7 5. d4 c5 6. dxc5 Nc6 7. Bf4 a6 8. a3
Nxc5 9. Be2 Be7 10. O-O O-O 11. h3 b5 12. b4 Nd7 13. Bd3 f5 14. Qd2 Bb7 15. Ne2
h6 16. Bxh6 gxh6 17. Qxh6 Rf7 18. Qxe6 Nf8 19. Qh6 Qd7 20. e6 Qxe6 21. Qxe6 Nxe6
22. Ng3 Ng7 23. Rfe1 Bd6 24. Ne2 Re8 25. Ned4 Rxe1+ 26. Rxe1 Nxd4 27. Nxd4 Bc8
28. c3 Re7 29. Rd1 Kf7 30. Kf1 Bd7 31. g3 Kf6 32. f4 Bb8 33. Kg2 Ba7 34. Nf3 Ne6
35. Ne5 Bb8 36. Nf3 Bc6 37. Kf2 Ba7+ 38. Kf1 d4 39. cxd4 Bxf3 0-1

[Event "Women's Speed Chess Q4"]
[Site "chess.com INT"]
[Date "2021.06.03"]
[Round "2"]
[White "Vargas, Gabriela"]
[Black "Morris-Suzuki, Sophie"]
[Result "0-1"]
[WhiteTitle "WIM"]
[BlackTitle "WFM"]
[WhiteElo "2170"]
[BlackElo "2043"]
[WhiteFideId "3700860"]
[BlackFideId "30922615"]
[EventDate "2021.06.03"]

1. d4 d5 2. Nf3 Nf6 3. Bg5 Ne4 4. Bf4 e6 5. e3 Bd6 6. Bxd6 Qxd6 7. c3 c5 8. Bd3
O-O 9. Nbd2 Nxd2 10. Qxd2 Nc6 11. O-O e5 12. dxc5 Qxc5 13. e4 Be6 14. Ng5 g6 15.
Qe2 Qe7 16. Nf3 Rad8 17. Rfe1 f6 18. Qe3 d4 19. cxd4 Nxd4 20. Nxd4 Rxd4 21. b3
Rfd8 22. Rad1 Qb4 23. Bc2 Kg7 24. Rxd4 exd4 25. a3 dxe3 26. axb4 Rd2 0-1

[Event "Women's Speed Chess Q4"]
[Site "chess.com INT"]
[Date "2021.06.03"]
[Round "2"]
[White "Narva, Mai"]
[Black "Nguyen, Thi Thanh An"]
[Result "1-0"]
[WhiteTitle "WIM"]
[BlackTitle "WGM"]
[WhiteElo "2276"]
[BlackElo "2259"]
[WhiteFideId "4500512"]
[BlackFideId "12400300"]
[EventDate "2021.06.03"]

1. e4 c6 2. d4 d5 3. f3 dxe4 4. fxe4 e5 5. Nf3 Nf6 6. Bc4 Bg4 7. Bxf7+ Kxf7 8.
Nxe5+ Kg8 9. Nxg4 Nxe4 10. O-O h6 11. Qd3 Ng5 12. Ne5 Nd7 13. Ng6 Nf6 14. Nxh8
Kxh8 15. Nc3 Ngh7 16. Bf4 Bd6 17. Rae1 Bxf4 18. Rxf4 Qd6 19. Rff1 1-0

[Event "Women's Speed Chess Q4"]
[Site "chess.com INT"]
[Date "2021.06.03"]
[Round "2"]
[White "Gevorgyan, Maria"]
[Black "Obregon Garcia, Roxangel"]
[Result "1-0"]
[WhiteTitle "WGM"]
[BlackTitle "WIM"]
[WhiteElo "2219"]
[BlackElo "2167"]
[WhiteFideId "13300270"]
[BlackFideId "3520420"]
[EventDate "2021.06.03"]

1. e4 c5 2. Nc3 Nc6 3. Bb5 g6 4. Bxc6 dxc6 5. d3 Bg7 6. Nge2 Nf6 7. Be3 Nd7 8.
Qd2 h6 9. O-O e5 10. f4 b6 11. f5 Qe7 12. Ng3 Ba6 13. b3 O-O-O 14. a4 Nf6 15. a5
Kb7 16. axb6 axb6 17. h3 g5 18. Na4 Ra8 19. Ra2 Rhd8 20. Rfa1 Bb5 21. Nxb6 1-0

[Event "Women's Speed Chess Q4"]
[Site "chess.com INT"]
[Date "2021.06.03"]
[Round "2"]
[White "Rakshitta, Ravi"]
[Black "Mammadova, Gulnar"]
[Result "0-1"]
[WhiteTitle "WIM"]
[BlackTitle "IM"]
[WhiteElo "2190"]
[BlackElo "2382"]
[WhiteFideId "25073230"]
[BlackFideId "13403508"]
[EventDate "2021.06.03"]

1. e4 e6 2. d4 d5 3. Nc3 Bb4 4. exd5 exd5 5. Bd3 Nf6 6. Ne2 O-O 7. O-O h6 8. a3
Bd6 9. Bf4 Nc6 10. Bxd6 Qxd6 11. h3 a6 12. Qd2 Bd7 13. Rad1 Rae8 14. Rfe1 Re7
15. Qf4 Qxf4 16. Nxf4 Rxe1+ 17. Rxe1 Nxd4 18. Ncxd5 Nxd5 19. Nxd5 c6 20. c3 Nf3+
21. gxf3 cxd5 22. Rd1 Bxh3 23. Bc2 Be6 24. Bb3 Rd8 25. Rd4 Rd7 26. f4 Kf8 27.
Kg2 Ke7 28. Bc2 g6 29. Kg3 Kf6 30. Ba4 Rc7 31. Bb3 Rc5 32. Bc2 Rc4 33. Rxc4 dxc4
34. Be4 b6 35. Kf3 h5 36. Ke3 h4 37. Kd4 g5 38. fxg5+ Kxg5 39. Ke5 Bc8 40. Kd4
Kf4 41. Bd5 Be6 42. Bg2 h3 43. Bh1 h2 44. Bg2 Bg4 45. Kxc4 Bf3 0-1

[Event "Women's Speed Chess Q4"]
[Site "chess.com INT"]
[Date "2021.06.03"]
[Round "2"]
[White "Mamedjarova, Turkan"]
[Black "Yu, Jennifer"]
[Result "0-1"]
[WhiteTitle "WGM"]
[BlackTitle "FM"]
[WhiteElo "2309"]
[BlackElo "2312"]
[WhiteFideId "13402005"]
[BlackFideId "2078341"]
[EventDate "2021.06.03"]

1. d4 d5 2. Nf3 Nf6 3. c4 e6 4. Nc3 a6 5. Bf4 dxc4 6. a4 Nc6 7. e3 Na5 8. Qc2
Nd5 9. Bg3 Nb4 10. Qd1 Bd7 11. Ne5 b5 12. Be2 Nb3 13. Rb1 Be7 14. O-O O-O 15.
Ne4 Be8 16. Bf3 f6 17. Nd2 Nxd2 18. Qxd2 Rb8 19. e4 fxe5 20. Bxe5 Nd3 21. Bg3
Qxd4 22. Bxc7 Rc8 23. Bg3 Bg6 24. Qe2 Bd6 25. Rfd1 Bxg3 26. hxg3 e5 27. Bg4 Rcd8
28. Rf1 Qxe4 29. Qc2 Nxf2 30. Be6+ Kh8 0-1

[Event "Women's Speed Chess Q4"]
[Site "chess.com INT"]
[Date "2021.06.03"]
[Round "2"]
[White "Selkirk, Rebecca"]
[Black "Nguyen, Hong Ngoc"]
[Result "0-1"]
[WhiteTitle "WCM"]
[BlackTitle "WCM"]
[WhiteElo "1799"]
[BlackElo "1957"]
[WhiteFideId "14306514"]
[BlackFideId "12403083"]
[EventDate "2021.06.03"]

1. e4 c6 2. d4 g6 3. e5 d6 4. f4 Bg7 5. Nf3 Bg4 6. Be2 c5 7. c3 Nc6 8. O-O e6 9.
h3 Bxf3 10. Bxf3 cxd4 11. cxd4 dxe5 12. dxe5 Qb6+ 13. Kh1 Nge7 14. Nc3 Rd8 15.
Qa4 O-O 16. Ne4 Nf5 17. g4 Rd4 18. Qc2 Rxe4 19. Bxe4 Ng3+ 20. Kg2 Nxf1 21. Kxf1
Rd8 22. Qf2 Qb5+ 23. Kg2 Qc4 24. Bf3 Nd4 25. Bxb7 Nc2 26. Rb1 Qd3 27. Qf3 Ne1+ 0-1

[Event "Women's Speed Chess Q4"]
[Site "chess.com INT"]
[Date "2021.06.03"]
[Round "2"]
[White "Zakirova, Aisha"]
[Black "Belenkaya, Dina"]
[Result "1-0"]
[WhiteTitle "WCM"]
[BlackTitle "WGM"]
[WhiteElo "1585"]
[BlackElo "2304"]
[WhiteFideId "13719734"]
[BlackFideId "24142654"]
[EventDate "2021.06.03"]

1. d4 d5 2. c4 dxc4 3. e4 Nf6 4. e5 Nd5 5. Bxc4 Nb6 6. Bb3 Nc6 7. Ne2 Bg4 8. f3
Bf5 9. Nbc3 e6 10. O-O Qd7 11. Bg5 Be7 12. Bf4 g5 13. Be3 O-O-O 14. Rc1 h5 15.
Qd2 g4 16. f4 h4 17. a4 Na5 18. Qd1 Nxb3 19. Qxb3 Kb8 20. Nb5 c6 21. Nxa7 Kxa7
22. d5 c5 23. d6 Qxa4 24. Ra1 Bf8 25. Bxc5 Kb8 26. Rxa4 Nxa4 27. Qxa4 Rc8 1-0

[Event "Women's Speed Chess Q4"]
[Site "chess.com INT"]
[Date "2021.06.03"]
[Round "2"]
[White "Pavlidou, Ekaterini"]
[Black "Chu, Ruotong"]
[Result "1-0"]
[WhiteTitle "WIM"]
[BlackTitle "WIM"]
[WhiteElo "2157"]
[BlackElo "2207"]
[WhiteFideId "4213262"]
[BlackFideId "8605653"]
[EventDate "2021.06.03"]

1. d4 Nf6 2. c4 g6 3. Nc3 d5 4. cxd5 Nxd5 5. e4 Nxc3 6. bxc3 Bg7 7. Be3 c5 8.
Bc4 O-O 9. Ne2 Qa5 10. O-O Nd7 11. Rb1 Nb6 12. Bb3 Rd8 13. Qc1 c4 14. Bc2 Bd7
15. Rb4 Rac8 16. Bh6 Bh8 17. f4 Qxa2 18. f5 Qa5 19. Qf4 e5 20. fxe6 Bxe6 21. d5
Nxd5 22. exd5 Qxd5 23. Be4 Qc5+ 24. Qe3 Qxe3+ 25. Bxe3 b6 26. Nd4 Bd5 27. Bxd5
Rxd5 28. Ra1 Re8 29. Bf2 1-0

[Event "Women's Speed Chess Q4"]
[Site "chess.com INT"]
[Date "2021.06.03"]
[Round "2"]
[White "Girya, Olga"]
[Black "Arpita, Mukherjee"]
[Result "1-0"]
[WhiteTitle "WGM"]
[BlackTitle "WIM"]
[WhiteElo "2451"]
[BlackElo "2206"]
[WhiteFideId "4195752"]
[BlackFideId "5056403"]
[EventDate "2021.06.03"]

1. d4 Nf6 2. c4 g6 3. Nc3 Bg7 4. e4 d6 5. Be2 O-O 6. Be3 e5 7. d5 a5 8. g4 Na6
9. g5 Ne8 10. h4 f5 11. gxf6 Nxf6 12. h5 Nc5 13. hxg6 hxg6 14. Bxc5 dxc5 15. Qd2
Ne8 16. Nf3 Rf4 17. O-O-O Nd6 18. Qe3 Bg4 19. Nd2 Qf6 20. Bxg4 Rxg4 21. Qh3 Rf4
22. f3 b5 23. cxb5 a4 24. a3 Rb8 25. Rdg1 c4 26. Qh7+ Kf7 27. Rh6 Rh8 28. Qxg6+
Qxg6 29. Rhxg6 Rh7 30. b6 1-0

[Event "Women's Speed Chess Q4"]
[Site "chess.com INT"]
[Date "2021.06.03"]
[Round "2"]
[White "Nurmanova, Alua"]
[Black "Cori T., Deysi"]
[Result "1-0"]
[WhiteTitle "WFM"]
[BlackTitle "WGM"]
[WhiteElo "2008"]
[BlackElo "2388"]
[WhiteFideId "13729390"]
[BlackFideId "3801934"]
[EventDate "2021.06.03"]

1. e4 e6 2. d4 d5 3. Nc3 Nf6 4. e5 Nfd7 5. f4 c5 6. Nf3 Nc6 7. Be3 b6 8. Qd2 Qc7
9. Be2 Be7 10. O-O O-O 11. Rad1 f5 12. Nb5 Qb7 13. c4 cxd4 14. Nfxd4 Nxd4 15.
Nxd4 Nc5 16. cxd5 Ne4 17. Qc2 exd5 18. Qc6 Bc5 19. Qxb7 Bxb7 20. Bf3 Rac8 21. a3
a6 22. b4 Be7 23. Ne6 Rfe8 24. g4 Rc3 25. Bd4 Rxf3 26. Rxf3 fxg4 27. Rff1 Bxb4
28. Nxg7 Kxg7 29. axb4 Kg8 30. Bxb6 h5 31. Rc1 Nd2 32. Rf2 Nc4 33. Bd4 Bc6 34.
f5 Bb5 35. e6 Nd6 36. Rc7 Ne4 37. Rf4 Ng5 38. Rg7+ Kf8 39. Rxg5 Rb8 40. Bc5+ 1-0

[Event "Women's Speed Chess Q4"]
[Site "chess.com INT"]
[Date "2021.06.03"]
[Round "2"]
[White "Balabayeva, Xeniya"]
[Black "Sliwicka, Alicja"]
[Result "0-1"]
[WhiteTitle "WFM"]
[BlackTitle "WIM"]
[WhiteElo "2178"]
[BlackElo "2346"]
[WhiteFideId "13719688"]
[BlackFideId "1150677"]
[EventDate "2021.06.03"]

1. e4 c5 2. Nf3 d6 3. Bb5+ Bd7 4. Bxd7+ Qxd7 5. O-O Nc6 6. c3 Nf6 7. Re1 g6 8.
d4 cxd4 9. cxd4 Bg7 10. Nc3 O-O 11. h3 a6 12. Bf4 b5 13. a3 Na5 14. Rc1 Rac8 15.
Qe2 Qa7 16. e5 Ne8 17. e6 f5 18. Nd5 Rxc1 19. Rxc1 h6 20. Qd2 Nb3 21. Qe3 Nxc1
22. Qxc1 Qb7 23. Nb4 Kh7 24. h4 Nf6 25. Qd2 Qe4 26. Bh2 Qxe6 27. Nxa6 Rc8 28.
Nb4 Qe4 29. Bg3 Ng4 30. Ne1 Qb1 31. f3 Nf6 32. Kh2 Nh5 0-1

[Event "Women's Speed Chess Q4"]
[Site "chess.com INT"]
[Date "2021.06.03"]
[Round "2"]
[White "Pham, Le Thao Nguyen"]
[Black "Batsiashvili, Nino"]
[Result "1/2-1/2"]
[WhiteTitle "IM"]
[BlackTitle "GM"]
[WhiteElo "2369"]
[BlackElo "2491"]
[WhiteFideId "12401226"]
[BlackFideId "13602993"]
[EventDate "2021.06.03"]

1. d4 d5 2. Nf3 Nf6 3. Bf4 c5 4. e3 Nc6 5. Nbd2 Bg4 6. c3 e6 7. Qb3 Qb6 8. Ne5
c4 9. Qxb6 axb6 10. Nxg4 Nxg4 11. a3 f5 12. f3 Nf6 13. e4 Kd7 14. Rc1 b5 15.
exf5 exf5 16. h4 Bd6 17. Bxd6 Kxd6 18. g3 Nd7 19. Kf2 Nb6 20. Bh3 Rhf8 21. f4
Na4 22. Rc2 Rae8 23. Nf3 Re4 24. Ne5 Nxe5 25. fxe5+ Ke6 26. Rf1 Nb6 27. Kg2 Re3
28. Rcf2 g6 29. g4 Ke7 30. gxf5 gxf5 31. Bxf5 h6 32. Kh2 Na4 33. Kg2 Rg8+ 34.
Kh2 Rf8 35. Kg2 Rg8+ 36. Kh2 Rf8 1/2-1/2

[Event "Women's Speed Chess Q4"]
[Site "chess.com INT"]
[Date "2021.06.03"]
[Round "2"]
[White "Vantika, Agrawal"]
[Black "Nandhidhaa, P V"]
[Result "0-1"]
[WhiteTitle "WIM"]
[BlackTitle "WGM"]
[WhiteElo "2286"]
[BlackElo "2365"]
[WhiteFideId "25050389"]
[BlackFideId "5050847"]
[EventDate "2021.06.03"]

1. d4 c5 2. d5 e5 3. e4 d6 4. Nc3 Be7 5. Bb5+ Nd7 6. a4 a6 7. Be2 Bg5 8. Nf3
Bxc1 9. Qxc1 Ne7 10. O-O O-O 11. Nd2 f5 12. exf5 Nxf5 13. Nce4 Nf6 14. c3 Nxd5
15. Bc4 Be6 16. Nf3 Nf4 17. Bxe6+ Nxe6 18. Rd1 Qe7 19. Qc2 Nf4 20. g3 Ne6 21.
Kg2 Rad8 22. Rd2 d5 23. Nxe5 dxe4 24. Rxd8 Rxd8 0-1

[Event "Women's Speed Chess Q4"]
[Site "chess.com INT"]
[Date "2021.06.03"]
[Round "2"]
[White "Nguyen, Hong Anh"]
[Black "Zaksaite, Salomeja"]
[Result "1-0"]
[WhiteTitle "WIM"]
[BlackTitle "WIM"]
[WhiteElo "1993"]
[BlackElo "2202"]
[WhiteFideId "12406732"]
[BlackFideId "12801496"]
[EventDate "2021.06.03"]

1. d4 Nf6 2. c4 g6 3. Nf3 Bg7 4. g3 O-O 5. Bg2 d5 6. O-O dxc4 7. Na3 Nc6 8. Nxc4
Be6 9. Nce5 Bd5 10. Nxc6 Bxc6 11. b3 a5 12. Bb2 a4 13. Ne5 Bxg2 14. Kxg2 Qd5+
15. f3 Nd7 16. e4 Qb5 17. Qd3 Qxd3 18. Nxd3 a3 19. Bc3 c5 20. e5 cxd4 21. Bxd4
Rfd8 22. Rad1 Rac8 23. Rf2 Nf8 24. Bb6 Rd5 25. f4 Ne6 26. Rfd2 f6 27. exf6 Bxf6
28. Nf2 Rb5 29. Be3 Rc3 30. Ng4 Bg7 31. Bf2 h5 32. Ne3 Nc5 33. Nd5 Ne4 34. Nxc3 1-0

[Event "Women's Speed Chess Q4"]
[Site "chess.com INT"]
[Date "2021.06.03"]
[Round "2"]
[White "Pandey, Srishti"]
[Black "Linares Napoles, Oleiny"]
[Result "0-1"]
[WhiteTitle "WFM"]
[BlackTitle "WGM"]
[WhiteElo "2026"]
[BlackElo "2255"]
[WhiteFideId "35093290"]
[BlackFideId "3504794"]
[EventDate "2021.06.03"]

1. d4 Nf6 2. c4 g6 3. Nc3 Bg7 4. e4 d6 5. Bd3 O-O 6. Nge2 c6 7. O-O e5 8. d5
Nbd7 9. Ng3 a5 10. a3 Nc5 11. Bc2 cxd5 12. cxd5 Bd7 13. Rb1 a4 14. f4 exf4 15.
Bxf4 Ng4 16. Bxd6 Qb6 17. Bxc5 Qxc5+ 18. Kh1 Nf2+ 19. Rxf2 Qxf2 20. Nxa4 Bxa4
21. Bxa4 Rac8 22. Qe2 Qc5 23. b4 Qc3 24. Bb3 Qe5 25. a4 Rc3 26. Bd1 Rfc8 27. Qd2
Bf8 28. b5 Bd6 29. Bf3 h5 30. Nf1 Rc2 31. Qe1 Qd4 32. a5 Bc5 33. Ng3 h4 34. Ne2
Qf6 35. Ng1 Bd6 36. Nh3 Qe5 37. Qg1 Rc1 38. Rxc1 Rxc1 39. g3 Rxg1+ 40. Nxg1 hxg3
41. h3 Qb2 42. Bg2 Qxb5 43. e5 Bxe5 44. Nf3 Qb1+ 45. Ng1 Bd4 0-1

[Event "Women's Speed Chess Q4"]
[Site "chess.com INT"]
[Date "2021.06.03"]
[Round "2"]
[White "Farhat Willemstein, Stela Souza"]
[Black "Papp, Petra"]
[Result "0-1"]
[WhiteTitle "WFM"]
[BlackTitle "WGM"]
[WhiteElo "1758"]
[BlackElo "2336"]
[WhiteFideId "2109808"]
[BlackFideId "739049"]
[EventDate "2021.06.03"]

1. e4 c6 2. Nf3 d5 3. exd5 cxd5 4. d4 Nc6 5. c3 g6 6. Bb5 Bg7 7. O-O Nf6 8. Bg5
O-O 9. Re1 Ne4 10. Bf4 Qb6 11. a4 a6 12. Bxc6 bxc6 13. b4 Bf5 14. a5 Qb7 15. Be5
f6 16. Bf4 Rfe8 17. Qb3 e5 18. dxe5 fxe5 19. Be3 c5 20. Nbd2 c4 21. Qa4 Nxc3 22.
Qa3 Nb5 23. Qb2 c3 24. Qc1 cxd2 25. Qxd2 d4 26. Bh6 e4 27. Bxg7 Qxg7 28. Nh4 d3
29. Nxf5 gxf5 30. Re3 Qxa1+ 31. Re1 Qg7 32. Re3 Nd4 33. Rg3 Ne2+ 34. Kf1 Nxg3+
35. fxg3 Qa1+ 36. Qe1 Qxe1+ 37. Kxe1 e3 38. Kd1 Rac8 0-1

[Event "Women's Speed Chess Q4"]
[Site "chess.com INT"]
[Date "2021.06.03"]
[Round "2"]
[White "Mohota, Nisha"]
[Black "Li, Xueyi"]
[Result "1-0"]
[WhiteTitle "IM"]
[BlackTitle "WGM"]
[WhiteElo "2195"]
[BlackElo "2328"]
[WhiteFideId "5004330"]
[BlackFideId "8605912"]
[EventDate "2021.06.03"]

1. b3 d5 2. Bb2 Nc6 3. Nf3 Nf6 4. e3 g6 5. c4 dxc4 6. Bxc4 Bg7 7. O-O O-O 8. d4
a5 9. Nc3 Bf5 10. Re1 Ne4 11. Nh4 Nxc3 12. Bxc3 Bc8 13. f4 a4 14. Nf3 Nb8 15.
bxa4 Nd7 16. Ne5 Nb6 17. Bb3 Bd7 18. a5 Nc8 19. e4 Be8 20. Rc1 Kh8 21. Qc2 Nd6
22. d5 c6 23. dxc6 bxc6 24. Qb2 f6 25. Nf3 Nb5 26. Rcd1 Qc7 27. Bb4 Bf7 28. Bxf7
Rxf7 29. Rd2 Qxf4 30. a4 Nc7 31. Nd4 f5 32. Bc3 e5 33. Nxc6 fxe4 34. Nxe5 Rff8
35. Nxg6+ 1-0

[Event "Women's Speed Chess Q4"]
[Site "chess.com INT"]
[Date "2021.06.03"]
[Round "2"]
[White "Varshini, V"]
[Black "Corrales Jimenez, Zenia"]
[Result "0-1"]
[WhiteTitle "WGM"]
[BlackTitle "WIM"]
[WhiteElo "2226"]
[BlackElo "2221"]
[WhiteFideId "5091241"]
[BlackFideId "3506355"]
[EventDate "2021.06.03"]

1. e4 c5 2. Nc3 Nc6 3. g3 g6 4. Bg2 Bg7 5. d3 d6 6. Nge2 Nf6 7. O-O O-O 8. f4
Bg4 9. h3 Bxe2 10. Nxe2 Rc8 11. g4 Nd7 12. Ng3 Nd4 13. c3 Nc6 14. f5 Nde5 15. g5
c4 16. d4 Nd3 17. Qf3 Re8 18. Kh1 b5 19. Bd2 b4 20. Rab1 a5 21. h4 a4 22. a3
bxa3 23. bxa3 Qa5 24. h5 Nxd4 25. cxd4 Qxd2 26. fxg6 fxg6 27. h6 Rf8 28. Qg4
Bxd4 29. e5 Nf2+ 30. Rxf2 Qxf2 31. Qe6+ Qf7 32. Qg4 e6 33. exd6 Qf5 34. d7 Qxg4 0-1

[Event "Women's Speed Chess Q4"]
[Site "chess.com INT"]
[Date "2021.06.03"]
[Round "2"]
[White "Tarasova, Viktoriya"]
[Black "Kanyamarala, Trisha"]
[Result "1-0"]
[WhiteTitle "WIM"]
[BlackTitle "WIM"]
[WhiteElo "2226"]
[BlackElo "2180"]
[WhiteFideId "4175840"]
[BlackFideId "45004722"]
[EventDate "2021.06.03"]

1. d4 Nf6 2. c4 e6 3. Nc3 Bb4 4. Nf3 d5 5. cxd5 exd5 6. Qc2 h6 7. Bf4 c6 8. e3
O-O 9. h3 Ne4 10. Bd3 Re8 11. O-O f5 12. Ne5 Nd7 13. f3 Nxe5 14. Bxe5 Nd6 15. a3
Ba5 16. Rae1 Bc7 17. Qf2 Nf7 18. f4 Nd6 19. Qg3 Qe7 20. Qf3 Ne4 21. Bxe4 dxe4
22. Qe2 Be6 23. Kh2 a6 24. Rg1 b5 25. Qf2 Rf8 26. g4 fxg4 27. hxg4 Qf7 28. Qg3
Bd5 29. f5 Rac8 30. Ref1 Bd8 31. Rg2 Bg5 32. Rgf2 Qe7 33. Kh3 Rcd8 34. Rc1 Bf6
35. Nxd5 Rxd5 36. Bf4 c5 37. dxc5 Rc8 38. Rfc2 1-0

[Event "Women's Speed Chess Q4"]
[Site "chess.com INT"]
[Date "2021.06.03"]
[Round "2"]
[White "Gaponenko, Inna"]
[Black "Kairbekova, Amina"]
[Result "1-0"]
[WhiteTitle "IM"]
[BlackTitle "WFM"]
[WhiteElo "2357"]
[BlackElo "2132"]
[WhiteFideId "14101181"]
[BlackFideId "13712799"]
[EventDate "2021.06.03"]

1. e4 c5 2. c3 Nf6 3. e5 Nd5 4. Bc4 Nb6 5. Bb3 Nc6 6. Nf3 c4 7. Bc2 d6 8. exd6
Qxd6 9. O-O Bg4 10. Re1 O-O-O 11. Na3 Qf6 12. b3 e6 13. Nxc4 Nxc4 14. bxc4 Ne5
15. Be4 Bxf3 16. Bxf3 Nxf3+ 17. Qxf3 Qxf3 18. gxf3 Bd6 19. d4 h5 20. c5 Bc7 21.
h4 Rd5 22. Rb1 Rf5 23. Kg2 g5 24. hxg5 h4 25. Rh1 f6 26. gxf6 Rg8+ 27. Kf1 Rxf3
28. Be3 Rxf6 29. Rxh4 Bg3 30. Rh7 Rgf8 31. Rbxb7 Bxf2 32. Rhc7+ Kd8 33. Bg5 1-0

[Event "Women's Speed Chess Q4"]
[Site "chess.com INT"]
[Date "2021.06.03"]
[Round "2"]
[White "Ziegenfuss, Antonia"]
[Black "Kiolbasa, Oliwia"]
[Result "0-1"]
[WhiteTitle "WFM"]
[BlackTitle "WIM"]
[WhiteElo "2157"]
[BlackElo "2255"]
[WhiteFideId "12962554"]
[BlackFideId "1154613"]
[EventDate "2021.06.03"]

1. d4 Nf6 2. c4 b6 3. Nc3 Bb7 4. d5 e6 5. e4 exd5 6. cxd5 Bb4 7. Bd3 c6 8. dxc6
Nxc6 9. Ne2 d5 10. O-O dxe4 11. Nxe4 Nxe4 12. Bxe4 O-O 13. Qc2 Rc8 14. Bxh7+ Kh8
15. Qe4 g6 16. Bxg6 fxg6 17. Qxg6 Qf6 18. Qh5+ Kg8 19. Bg5 Qf7 20. Qg4 Ne5 21.
Qg3 Qg7 22. Nf4 Bd6 23. Ne6 Nf3+ 24. gxf3 Bxg3 25. Nxg7 Be5 26. Ne6 Rf5 27. f4
Bxb2 28. Rab1 Bd5 0-1

[Event "Women's Speed Chess Q4"]
[Site "chess.com INT"]
[Date "2021.06.03"]
[Round "2"]
[White "Luong, Phuong Hanh"]
[Black "Tarini, Goyal"]
[Result "1-0"]
[WhiteTitle "WIM"]
[BlackTitle "WFM"]
[WhiteElo "2229"]
[BlackElo "2164"]
[WhiteFideId "12401013"]
[BlackFideId "5082749"]
[EventDate "2021.06.03"]

1. d4 d5 2. c4 e6 3. Nf3 Nf6 4. g3 Bb4+ 5. Bd2 Be7 6. Bg2 O-O 7. O-O b6 8. b3
Bb7 9. Qc2 Na6 10. a3 c5 11. dxc5 Nxc5 12. Rd1 Rc8 13. Bf4 Qe8 14. Nbd2 Nfe4 15.
b4 Nxd2 16. Nxd2 Nd7 17. Qa4 Bf6 18. Rac1 Qe7 19. Qxa7 Bc6 20. cxd5 Ra8 21. Qc7
Rfc8 22. dxc6 Rxc7 23. Bxc7 Ne5 24. Bxb6 Nxc6 25. Bxc6 Rxa3 26. Nc4 Ra2 27. Rd8+
Qxd8 28. Bxd8 Bxd8 29. b5 Rxe2 30. b6 Bxb6 31. Nxb6 Rb2 32. Nc4 Rb4 33. Ne3 g6
34. Bf3 Kg7 35. Kg2 Rb2 36. Rc7 Ra2 37. Ng4 Ra5 38. h4 h5 39. Ne3 Rb5 40. Nc4
Kf6 41. Rxf7+ Kxf7 42. Nd6+ Ke7 43. Nxb5 1-0